000 00559nam a2200229Ia 4500
003 OSt
005 20220924133107.0
006 a|||||r|||| 00| 0
007 ta
008 220923b |||||||| |||| 00| 0 urd d
024 _a257021
037 _cTextual
040 _aARTS
_cARTS
_burd
041 _2urd
_aurd
082 _aO168,1N48,4, L0;N3
100 _aKhawar
_9205608
245 0 _aDusara asjar
260 _c1993
650 _aURDU LITERATURE
942 _hO168,1N48,4, L0;N3
_cTEXL
_2CC
999 _c432558
_d432558